000 00844nam a2200265 a 4500
001 62969
003 BD-RjUL
005 20211209081139.0
008 170126s1977 ii bf 000 0 eng
020 _cRs60.00
035 _a(BD-RjUL)63097
040 _aDLC
_cDLC
_dBD-RjUL
_beng
041 _aeng
082 0 0 _a891.3
_223
_bBAC 1977
100 1 _aBanerji, Sures Chandra,
_d1917-
_9187267
245 1 2 _aA companion to Middle Indo-Aryan literature /
_cSures Chandra Banerji.
250 _a1st ed.
260 _aCalcutta :
_bFirma KLM,
_cc1977.
300 _ax, 351 p. :
_c22 cm.
504 _aBibliography: p. 339-351.
650 0 _aPali literature
_vHandbooks, manuals, etc.
_9187268
650 0 _aPrakrit literature
_vHandbooks, manuals, etc.
_9187269
650 0 _aSanskrit literature
_vHandbooks, manuals, etc.
_9187270
942 _2ddc
_cBK
999 _c62969
_d62969